00235nam a2200097Ia 4500008004100000100002100041245003500062260002400097300000800121650000800129191201s2008 xx 000 0 und d aO'BRIAN, James A 0aManagement Information Systems aN. DelhibTMHc2008 a617 aMBA